000 00420nam a22001217a 4500
082 _a200 THE
100 _aShahid Nabi
_969876
245 _aTH-SOF-1639-QoE Enhancement in HTTP based Adaptive Video Streaming
260 _aISLAMABAD
_bNUST COLLEGE OF EME
_c2019
650 _aMS-COMPUTER ENGINEERING-2016 MSTHESIS
700 _aSupervisor Dr. Muhammad Umar Farooq Co-Supervisor: Dr. Farhan Hussain
_969877
942 _cCF
999 _c576965
_d576965